000 00268nam a22001097a 4500
999 _c260983
_d260982
020 _a0590329723
100 _aBarbara B. Hiller
245 _aThe Fantastic Journey of the Space Shuttle Astra
260 _aNew York
_bScholastic
_c1984
300 _a55 pgs
942 _cBK